<?xml version="1.0" encoding="UTF-8"?><?xml-stylesheet type="text/xsl" href="static/style.xsl"?><OAI-PMH xmlns="http://www.openarchives.org/OAI/2.0/" xmlns:xsi="http://www.w3.org/2001/XMLSchema-instance" xsi:schemaLocation="http://www.openarchives.org/OAI/2.0/ http://www.openarchives.org/OAI/2.0/OAI-PMH.xsd"><responseDate>2026-06-03T22:43:56Z</responseDate><request verb="GetRecord" identifier="oai:riuma.uma.es:10630/38755" metadataPrefix="marc">https://riuma.uma.es/rest/oai/request</request><GetRecord><record><header><identifier>oai:riuma.uma.es:10630/38755</identifier><datestamp>2026-02-03T10:25:09Z</datestamp><setSpec>com_10630_1685</setSpec><setSpec>col_10630_38055</setSpec></header><metadata><record xmlns="http://www.loc.gov/MARC21/slim" xmlns:dcterms="http://purl.org/dc/terms/" xmlns:doc="http://www.lyncode.com/xoai" xmlns:xsi="http://www.w3.org/2001/XMLSchema-instance" xsi:schemaLocation="http://www.loc.gov/MARC21/slim http://www.loc.gov/standards/marcxml/schema/MARC21slim.xsd">
   <leader>00925njm 22002777a 4500</leader>
   <datafield ind2=" " ind1=" " tag="042">
      <subfield code="a">dc</subfield>
   </datafield>
   <datafield ind2=" " ind1=" " tag="720">
      <subfield code="a">Trujillo Rodríguez, Ada Carolina</subfield>
      <subfield code="e">author</subfield>
   </datafield>
   <datafield ind2=" " ind1=" " tag="260">
      <subfield code="c">2023-11</subfield>
   </datafield>
   <datafield ind2=" " ind1=" " tag="520">
      <subfield code="a">La fabricación aditiva es un proceso de fabricación novedoso que no solo es adecuado para la fabricación de prototipos, también para la obtención de piezas finales. Es por ello que la precisión dimensional cobra cada vez más importancia. También resulta vital alcanzar la mayor precisión dimensional evitando los reprocesos que supone la, comúnmente llamada, ley del ensayo y el error.&#xd;
En este trabajo se propone una metodología en la que se pretende alcanzar la mejor precisión dimensional desde el primer modelo que se genere. Para ello se desarrollará una red neuronal que sea capaz de predecir la desviación que tendrá una pieza en función de sus parámetros característicos de fabricación: altura de capa, temperatura y velocidad de deposición.</subfield>
   </datafield>
   <datafield ind1="8" ind2=" " tag="024">
      <subfield code="a">https://hdl.handle.net/10630/38755</subfield>
   </datafield>
   <datafield tag="653" ind2=" " ind1=" ">
      <subfield code="a">Probetas metalográficas - Extrusión - Trabajos fin de grado</subfield>
   </datafield>
   <datafield tag="653" ind2=" " ind1=" ">
      <subfield code="a">Redes neuronales (Informática) - Trabajos fin de grado</subfield>
   </datafield>
   <datafield ind2="0" ind1="0" tag="245">
      <subfield code="a">Aplicación de redes neuronales para el control de la geometría de piezas obtenidas por procesos de fabricación aditiva mediante extrusión de materiales</subfield>
   </datafield>
</record>
</metadata></record></GetRecord></OAI-PMH>